000 00979nam a2200337 a 4500
003 AR-BaBNM
005 20251128210510.0
008 082120s2002 ||||||||||||||000 | spa||
020 _a84-8063-250-X
040 _cAR-BaBNM
100 1 _aCañas Torregosa, José
245 0 0 _aHablamos juntos
_bguía didáctica para practicar la expresión oral en el aula
250 _a1ª ed.
260 _aBarcelona
_bEdiciones Octaedro
_c1997
300 _a124 p.
_btablas
490 0 _aCuadernos Octaedro. Lengua y comunicación
504 _aContiene bibliografía
650 4 _aEXPRESION ORAL
650 4 _aCOMUNICACION
650 4 _aPAPEL DEL LENGUAJE
650 4 _aMETODOS DE ENSEÑANZA
650 4 _aACTIVIDADES DE APRENDIZAJE
650 4 _aNARRACION
650 4 _aORATORIA
653 _aENSENANZA DE LA LENGUA
653 _aEDUCACION GENERAL BASICA
653 _aEDUCACION POLIMODAL
800 1 _aRincón, F.
_ecoordinador
942 _cBK
998 _cRaquel
999 _c15697
_d15697